LAT: (Record no. 613050)
[ view plain ]
| 000 -LEADER | |
|---|---|
| fixed length control field | 00390nam a22001217a 4500 |
| 082 ## - DEWEY DECIMAL CLASSIFICATION NUMBER | |
| Classification number | 340.076 |
| Author Mark | NAQ |
| 100 ## - MAIN ENTRY--PERSONAL NAME | |
| Personal name | Naqeebi, W.A. |
| 245 ## - TITLE STATEMENT | |
| Title | LAT: |
| Remainder of title | Law Admission Test Undergraduate Five Year LLB Degree Programme Subjective and Objective / |
| Statement of responsibility, etc. | W.A. Naqeebi |
| 260 ## - PUBLICATION, DISTRIBUTION, ETC. | |
| Place of publication, distribution, etc. | Lahore : |
| Name of publisher, distributor, etc. | Hashmi Publications, |
| Date of publication, distribution, etc. | 2023. |
| 563 ## - BINDING INFORMATION | |
| Binding note | Paperback. |
| 650 ## - SUBJECT ADDED ENTRY--TOPICAL TERM | |
| Topical term or geographic name entry element | Law, LAT |
| 942 ## - ADDED ENTRY ELEMENTS (KOHA) | |
| Source of classification or shelving scheme | |
| Koha item type | Book |
| 650 ## - SUBJECT ADDED ENTRY--TOPICAL TERM | |
| -- | 128035 |
| Withdrawn status | Lost status | Source of classification or shelving scheme | Damaged status | Not for loan | Permanent Location | Current Location | Date acquired | Total Checkouts | Full call number | Barcode | Date last seen | Price effective from | Koha item type |
|---|---|---|---|---|---|---|---|---|---|---|---|---|---|
| NUST Law School (NLS) | NUST Law School (NLS) | 03/02/2025 | 340.076 NAQ | NLS-255 | 03/02/2025 | 03/02/2025 | Book | ||||||
| NUST Law School (NLS) | NUST Law School (NLS) | 03/02/2025 | 340.076 NAQ | NLS-256 | 03/02/2025 | 03/02/2025 | Book | ||||||
| NUST Law School (NLS) | NUST Law School (NLS) | 03/02/2025 | 340.076 NAQ | NLS-257 | 03/02/2025 | 03/02/2025 | Book | ||||||
| NUST Law School (NLS) | NUST Law School (NLS) | 06/28/2025 | 340.076 NAQ | NLS-2428 | 06/28/2025 | 06/28/2025 | Book | ||||||
| NUST Law School (NLS) | NUST Law School (NLS) | 06/28/2025 | 340.076 NAQ | NLS-2429 | 06/28/2025 | 06/28/2025 | Book | ||||||
| NUST Law School (NLS) | NUST Law School (NLS) | 06/28/2025 | 340.076 NAQ | NLS-2427 | 06/28/2025 | 06/28/2025 | Book |
